Statistiques concernant Sélection de Tuiles - Vocabulaire

Cliquez ici pour prendre le quiz!

Statistiques générales

  • Ce quiz a été pris 663 fois
  • Le résultat moyen est 41 sur 60

Statistiques - réponses

QuestionTuileSelect% Correct
les mots pouvant désigner une couleur :PortéeNon
98%
les mots pouvant désigner une couleur :OcreOui
96%
les mots pouvant désigner une couleur :BlouseNon
95%
les mots désignant quelque chose de bon ou de positif :AbominableNon
93%
les mots désignant quelque chose de bon ou de positif :IgnobleNon
93%
les mots désignant quelque chose de bon ou de positif :PleutreNon
92%
les mots pouvant désigner une couleur :SémaphoreNon
92%
les mots désignant quelque chose de bon ou de positif :SucculentOui
90%
les mots désignant des objets physiques :ExhalaisonNon
88%
les mots pouvant désigner une couleur :AsinineNon
87%
les mots désignant des objets physiques :HallalNon
87%
les mots désignant quelque chose de bon ou de positif :EuphoriqueOui
86%
les mots désignant des choses comestibles :AgadirNon
85%
les mots désignant quelque chose de bon ou de positif :AntédiluvienNon
85%
les mots désignant quelque chose de bon ou de positif :AphasiqueNon
85%
les mots désignant des objets physiques :MousquetonOui
85%
les mots désignant des objets physiques :LaplacienNon
83%
les mots désignant quelque chose de bon ou de positif :ProspèreOui
83%
les mots pouvant désigner une couleur :PulpeNon
83%
les mots désignant quelque chose de bon ou de positif :AvenantOui
82%
les mots désignant des objets physiques :TessitureNon
82%
les mots désignant des vêtements ou accessoires de mode :CalamesNon
81%
les mots désignant des vêtements ou accessoires de mode :ÉlégieNon
80%
les mots désignant des choses comestibles :RococoNon
80%
les mots désignant des vêtements ou accessoires de mode :AntimoineNon
79%
les mots désignant des choses comestibles :GambitNon
78%
les mots désignant des vêtements ou accessoires de mode :MoutabalNon
77%
les mots pouvant désigner une couleur :SépiaOui
77%
les mots désignant des objets physiques :BlatèreNon
76%
les mots désignant des vêtements ou accessoires de mode :BastonNon
75%
les mots désignant des choses comestibles :BigetteNon
75%
les mots désignant quelque chose de bon ou de positif :TranscendantOui
74%
les mots désignant quelque chose de bon ou de positif :BéotienNon
73%
les mots désignant des choses comestibles :SamovarNon
73%
les mots désignant des choses comestibles :PachinkoNon
72%
les mots désignant des objets physiques :CaliceOui
71%
les mots pouvant désigner une couleur :PervencheOui
71%
les mots désignant des choses comestibles :RougailOui
71%
les mots désignant des vêtements ou accessoires de mode :PeccadilloNon
69%
les mots désignant des objets physiques :QuolibetNon
68%
les mots désignant des vêtements ou accessoires de mode :TiareOui
67%
les mots pouvant désigner une couleur :TartanNon
66%
les mots désignant des objets physiques :VilebrequinOui
62%
les mots désignant des objets physiques :ClepsydreOui
57%
les mots désignant des vêtements ou accessoires de mode :FraiseOui
54%
les mots désignant des choses comestibles :ÉpoissesOui
53%
les mots désignant des vêtements ou accessoires de mode :KeffiehOui
50%
les mots désignant des choses comestibles :ChorbaOui
46%
les mots pouvant désigner une couleur :PrusseOui
41%
les mots désignant des choses comestibles :NoriOui
40%
les mots pouvant désigner une couleur :ChartreuseOui
35%
les mots désignant des choses comestibles :HampeOui
32%
les mots désignant des vêtements ou accessoires de mode :FédoraOui
29%
les mots pouvant désigner une couleur :IncarnatOui
27%
les mots désignant des vêtements ou accessoires de mode :JodhpursOui
27%
les mots désignant quelque chose de bon ou de positif :AffableOui
26%
les mots désignant des choses comestibles :ClamOui
23%
les mots désignant des objets physiques :AcrotèreOui
19%
les mots désignant des vêtements ou accessoires de mode :DashikiOui
18%
les mots désignant des objets physiques :PsychéOui
17%

Distribution des résultats

Percentile par nombre de réponses

% des personnes avec chaque résultat

Votre développement - résultats

Vous n’avez pas pris ce quiz